[Event "World Youth U16 Olympiad"]
[Site "Gyor HUN"]
[Date "2014.12.13"]
[Round "1.24"]
[Board "2"]
[White "Moller, Sophus Mechlenburg"]
[Black "Kolver, Michelle"]
[Result "1-0"]
[WhiteElo "2133"]
[BlackElo "1584"]
[WhiteTeam "Denmark"]
[BlackTeam "South Africa (Girls)"]
[WhiteFideId "1439090"]
[BlackFideId "14307839"]
[EventDate "2014.12.13"]
[EventType "team"]

1. e4 e5 2. Nf3 Nf6 3. Nxe5 d6 4. Nf3 Nxe4 5. Nc3 Nxc3 6. dxc3 Be7 7. Be3 O-O 8.
Qd2 Nd7 9. O-O-O Nb6 10. h4 c6 11. Kb1 d5 12. Bd3 Bg4 13. Rdg1 Nc4 14. Qe2 Nxe3
15. Qxe3 Re8 16. Qf4 Bh5 17. Ng5 h6 18. g4 hxg5 19. hxg5 Bxg5 20. Qh2 Re6 21. f4
Bxf4 22. Qxf4 Bg6 23. Qh2 Kf8 24. Bxg6 Rxg6 25. g5 Ke7 26. Qe5+ Kd7 27. Qf5+ Ke7
28. Re1+ Re6 29. Rxe6+ fxe6 30. Qe5 Qe8 31. Rh7 Kd8 32. Rxg7 Qf8 33. Qc7+ Ke8
34. Qd7# 1-0

[Event "World Youth U16 Olympiad"]
[Site "Gyor HUN"]
[Date "2014.12.13"]
[Round "1.24"]
[Board "3"]
[White "Samons, Marcelle"]
[Black "Jacobsen, Mikkel Manosri"]
[Result "0-1"]
[WhiteElo "1539"]
[BlackElo "2167"]
[WhiteTeam "South Africa (Girls)"]
[BlackTeam "Denmark"]
[WhiteFideId "14318016"]
[BlackFideId "1444514"]
[EventDate "2014.12.13"]
[EventType "team"]

1. e4 c6 2. d4 d5 3. Nc3 dxe4 4. Nxe4 Bf5 5. Ng3 Bg6 6. h4 h6 7. h5 Bh7 8. Nf3
e6 9. Bd3 Bxd3 10. Qxd3 Nf6 11. Bd2 Nbd7 12. O-O-O Bd6 13. Ne4 Nxe4 14. Qxe4 Nf6
15. Qe2 Qc7 16. Ne5 O-O 17. g4 c5 18. g5 cxd4 19. gxf6 Bxe5 20. fxg7 Rfd8 21.
Bxh6 Rd5 22. Rh3 Rc8 23. Qd3 Rc5 24. Rd2 Qa5 25. Kb1 Rc3 26. bxc3 Rxc3 27. Qf1
Qb4+ 28. Kc1 Qa3+ 29. Kb1 Rxh3 30. Rd3 Rxd3 31. cxd3 Bxg7 32. Bc1 Qb4+ 33. Bb2
Qb5 34. Qe2 Qe5 35. Qf3 Qe1+ 36. Bc1 Bh6 37. Qg3+ Kh7 38. Qc7 Qxc1+ 39. Qxc1
Bxc1 40. Kxc1 Kh6 41. Kc2 Kxh5 42. Kb3 Kg4 43. Kc4 e5 44. Kd5 Kf4 45. Kd6 e4 46.
dxe4 d3 0-1

[Event "World Youth U16 Olympiad"]
[Site "Gyor HUN"]
[Date "2014.12.13"]
[Round "1.24"]
[Board "4"]
[White "Vangsgaard, Freja"]
[Black "De, Bruyn Aleida"]
[Result "1/2-1/2"]
[BlackTitle "WFM"]
[WhiteElo "1801"]
[BlackElo "1607"]
[WhiteTeam "Denmark"]
[BlackTeam "South Africa (Girls)"]
[WhiteFideId "1436589"]
[BlackFideId "14304546"]
[EventDate "2014.12.13"]
[EventType "team"]

1. d4 Nf6 2. c4 e6 3. Nc3 Bb4 4. e3 c5 5. Ne2 d5 6. a3 Bxc3+ 7. Nxc3 cxd4 8.
exd4 dxc4 9. Bxc4 O-O 10. O-O a6 11. Be3 Qc7 12. Bd3 b5 13. Ne4 Nd5 14. Qh5 f5
15. Ng5 h6 16. Nh3 Nc6 17. g3 Qd7 18. Rad1 Bb7 19. Bb1 Nf6 20. Qe2 Ng4 21. Ba2
Nd8 22. f3 Nxe3 23. Qxe3 Bd5 24. Bxd5 exd5 25. Rfe1 Rc8 26. Rd2 Nc6 27. Qe6+
Qxe6 28. Rxe6 Rfe8 29. Rd6 Red8 30. Rxd8+ Rxd8 31. Nf4 Kf7 32. Kf2 g5 33. Ne2
Re8 34. Rc2 Re6 35. Rc5 Rd6 36. Ke3 Ke6 1/2-1/2

[Event "World Youth U16 Olympiad"]
[Site "Gyor HUN"]
[Date "2014.12.13"]
[Round "1.25"]
[Board "1"]
[White "Szostko, Jakub"]
[Black "Koo, Inmo"]
[Result "1-0"]
[WhiteElo "2168"]
[BlackElo "1846"]
[WhiteTeam "Poland 2"]
[BlackTeam "South Korea 2"]
[WhiteFideId "1174282"]
[BlackFideId "13202863"]
[EventDate "2014.12.13"]
[EventType "team"]

1. e4 e6 2. d4 d5 3. Nd2 dxe4 4. Nxe4 f5 5. Ng3 Nf6 6. Nf3 b6 7. Bc4 Qd6 8. Qe2
Nc6 9. Nxf5 Qd7 10. O-O g6 11. Ng3 Bg7 12. Re1 Nd5 13. c3 Qd6 14. Ne4 Qd7 15.
Neg5 Nd8 16. Ne5 Bxe5 17. Qxe5 O-O 18. Nxe6 Nxe6 19. Qxd5 Qxd5 20. Bxd5 Rb8 21.
Bxe6+ Bxe6 22. Rxe6 Rfe8 23. Rxe8+ Rxe8 24. Kf1 Rd8 25. Bf4 c6 26. Re1 b5 27.
Re7 Rf8 28. Be5 Rf7 29. Rxf7 Kxf7 30. Ke2 Ke6 31. Kd3 1-0

[Event "World Youth U16 Olympiad"]
[Site "Gyor HUN"]
[Date "2014.12.13"]
[Round "1.25"]
[Board "2"]
[White "Huh, Maximilian Romeo Eunhong"]
[Black "Snihur, Piotr"]
[Result "0-1"]
[WhiteElo "1231"]
[BlackElo "2161"]
[WhiteTeam "South Korea 2"]
[BlackTeam "Poland 2"]
[WhiteFideId "13203193"]
[BlackFideId "1157191"]
[EventDate "2014.12.13"]
[EventType "team"]

1. e4 c5 2. Nf3 d6 3. Bb5+ Nd7 4. O-O a6 5. Bc4 Ngf6 6. Nc3 e6 7. d3 b5 8. Bb3
Bb7 9. Re1 Be7 10. a4 c4 11. dxc4 b4 12. Na2 Nxe4 13. Nxb4 Nxf2 14. Qd4 Ne4 15.
Qxg7 Bf6 16. Qg4 Qb6+ 17. Be3 Qxb4 18. a5 O-O-O 19. Ra4 Ne5 20. Nxe5 Qxe1# 0-1

[Event "World Youth U16 Olympiad"]
[Site "Gyor HUN"]
[Date "2014.12.13"]
[Round "1.25"]
[Board "4"]
[White "Lee, Jeeho"]
[Black "Dadello, Aleksandra"]
[Result "0-1"]
[WhiteElo "1162"]
[BlackElo "2009"]
[WhiteTeam "South Korea 2"]
[BlackTeam "Poland 2"]
[WhiteFideId "13203231"]
[BlackFideId "1177362"]
[EventDate "2014.12.13"]
[EventType "team"]

1. e4 e6 2. d4 d5 3. exd5 exd5 4. Nf3 Bd6 5. Bd3 Nc6 6. O-O Nge7 7. Re1 Bg4 8.
c3 Qd7 9. h3 Bh5 10. b3 O-O-O 11. Bb2 f6 12. Nbd2 g5 13. c4 g4 14. hxg4 Qxg4 15.
cxd5 Rhg8 16. Bf1 Nxd5 17. Re4 Nf4 18. g3 f5 19. Qe1 fxe4 20. Nxe4 Qxf3 21. Qe3
Qxe3 22. fxe3 Ne2+ 23. Bxe2 Bxe2 24. Kf2 Bd3 0-1

[Event "World Youth U16 Olympiad"]
[Site "Gyor HUN"]
[Date "2014.12.13"]
[Round "1.26"]
[Board "1"]
[White "Shi, Diwen"]
[Black "Deac, Bogdan-Daniel"]
[Result "1/2-1/2"]
[WhiteTitle "CM"]
[BlackTitle "FM"]
[WhiteElo "2147"]
[BlackElo "2391"]
[WhiteTeam "Canada 3"]
[BlackTeam "Romania"]
[WhiteFideId "2609886"]
[BlackFideId "1226380"]
[EventDate "2014.12.13"]
[EventType "team"]

1. e4 c5 2. Nf3 e6 3. d4 cxd4 4. Nxd4 a6 5. c4 Nf6 6. Nc3 Bb4 7. Qc2 Qc7 8. a3
Bxc3+ 9. Qxc3 Nxe4 10. Nb5 axb5 11. Qxg7 Rf8 12. Bh6 Qc5 13. f3 bxc4 14. Bxc4
Nf6 15. Qxf6 Rg8 16. Bd3 Qe7 17. Bg7 Qxf6 18. Bxf6 Rxg2 19. Rd1 Nc6 20. Kf1 Rg6
21. Bxg6 fxg6 22. Kf2 d5 23. Rhe1 Kf7 24. Be5 Bd7 25. Kg3 Ra4 26. Bd6 Nd4 27.
Be5 Nf5+ 28. Kf2 Bc6 29. Rd3 g5 30. b4 Ke8 31. Red1 Bb5 32. Rc3 Bc4 33. Rg1 b5
34. Rxg5 d4 35. Rc1 Rxa3 36. Rxf5 exf5 37. Bxd4 f4 38. Re1+ Kd7 39. Re4 Rb3 40.
Bc5 Rb2+ 41. Kg1 Rb1+ 42. Kf2 Rb2+ 43. Kg1 Rb1+ 44. Kg2 Rb2+ 45. Kg1 1/2-1/2

[Event "World Youth U16 Olympiad"]
[Site "Gyor HUN"]
[Date "2014.12.13"]
[Round "1.26"]
[Board "2"]
[White "Dolana, Andrei-Theodor"]
[Black "Song, Guannan Terry"]
[Result "1-0"]
[WhiteElo "2279"]
[BlackElo "2004"]
[WhiteTeam "Romania"]
[BlackTeam "Canada 3"]
[WhiteFideId "1219804"]
[BlackFideId "2614189"]
[EventDate "2014.12.13"]
[EventType "team"]

1. e4 c5 2. Nf3 d6 3. Bb5+ Nd7 4. d4 cxd4 5. Qxd4 a6 6. Bxd7+ Bxd7 7. c4 b5 8.
Nc3 e5 9. Qd3 bxc4 10. Qxc4 Be7 11. O-O Nf6 12. Bg5 O-O 13. Rfd1 Qb8 14. Rd2 Be6
15. Qe2 h6 16. Bxf6 Bxf6 17. Rad1 Be7 18. Nd5 Bxd5 19. Rxd5 Rc8 20. b3 Rc6 21.
Qd3 Qb4 22. Nd2 Rc3 23. Qb1 a5 24. Nc4 a4 25. R5d3 axb3 26. Rxc3 Qxc3 27. Qxb3
Qxb3 28. axb3 Rb8 29. Rd3 f6 30. Kf1 Kf7 31. Ke2 Ke6 32. Ne3 g6 33. Nd5 f5 34.
f3 Rc8 35. Rc3 Rxc3 36. Nxc3 Kd7 37. Kd3 Bh4 38. Kc4 Be1 39. Nd5 h5 40. Kb5 Bf2
41. b4 h4 42. h3 Bg1 43. Ka6 fxe4 44. fxe4 g5 45. b5 Kc8 46. b6 Kb8 47. Ne7 1-0

[Event "World Youth U16 Olympiad"]
[Site "Gyor HUN"]
[Date "2014.12.13"]
[Round "1.26"]
[Board "3"]
[White "Gedajlovic, Max"]
[Black "Costachi, Mihnea"]
[Result "0-1"]
[BlackTitle "FM"]
[WhiteElo "2104"]
[BlackElo "2356"]
[WhiteTeam "Canada 3"]
[BlackTeam "Romania"]
[WhiteFideId "2616840"]
[BlackFideId "1217518"]
[EventDate "2014.12.13"]
[EventType "team"]

1. d4 Nf6 2. Nf3 g6 3. Nbd2 d5 4. e3 Bg7 5. b4 O-O 6. c4 b6 7. Ba3 Bb7 8. Qb3
Nbd7 9. Be2 Rb8 10. O-O c5 11. b5 Ne4 12. Rfd1 e6 13. Rac1 Qc7 14. Bb2 Rbc8 15.
cxd5 Bxd5 16. Bc4 Qb7 17. Bxd5 exd5 18. Nxe4 dxe4 19. Nd2 cxd4 20. exd4 Rxc1 21.
Rxc1 Bh6 22. Rd1 Re8 23. Nf1 Bg7 24. Ne3 Nf8 25. d5 Bxb2 26. Qxb2 f5 27. d6 Qg7
28. Qb3+ Kh8 29. Qd5 Nd7 30. Qb7 f4 31. Nd5 e3 32. fxe3 fxe3 33. Nxe3 Qe5 34.
Nf1 Qxb5 35. Qf3 Qc5+ 36. Qf2 Kg7 37. Ng3 Qxf2+ 38. Kxf2 Kf6 39. Rd4 Nc5 40. h4
Ke5 41. Ke3 Rd8 42. Ne4 Nxe4 43. Rxe4+ Kxd6 44. Kf4 Rf8+ 45. Kg5 a5 46. Kh6 Rf7
47. a4 Kd5 48. Rg4 Kc5 49. Re4 Kc6 50. g4 Kd5 51. Re8 Rf4 52. Kg5 Rxa4 53. Re7
h6+ 54. Kxg6 Rxg4+ 55. Kh5 Re4 56. Rh7 Re6 57. Kg4 a4 58. h5 b5 59. Rd7+ Rd6 60.
Rc7 b4 61. Kf5 a3 62. Rb7 a2 0-1

[Event "World Youth U16 Olympiad"]
[Site "Gyor HUN"]
[Date "2014.12.13"]
[Round "1.26"]
[Board "4"]
[White "Toma, Radu-Cristian"]
[Black "Cai, Jason"]
[Result "1-0"]
[WhiteElo "2255"]
[BlackElo "1962"]
[WhiteTeam "Romania"]
[BlackTeam "Canada 3"]
[WhiteFideId "1217992"]
[BlackFideId "2618133"]
[EventDate "2014.12.13"]
[EventType "team"]

1. Nf3 Nf6 2. c4 c5 3. g3 b6 4. Bg2 Bb7 5. O-O g6 6. e3 Bg7 7. d4 cxd4 8. exd4
O-O 9. Nc3 Na6 10. Qe2 Nc7 11. Ne5 Bxg2 12. Kxg2 Ne6 13. Rd1 d5 14. Be3 Rc8 15.
b3 Qd6 16. Rac1 Rfd8 17. Nb5 Qb8 18. Qf3 Qa8 19. Nc3 dxc4 20. Qxa8 Rxa8 21. bxc4
Rdc8 22. d5 Nd8 23. Bd4 Ne8 24. Ne4 Nd6 25. Nxd6 exd6 26. Ng4 Bxd4 27. Rxd4 Nb7
28. Re1 Na5 29. Ree4 Kg7 30. Rf4 Rc7 31. Ne3 Rac8 32. g4 Rc5 33. g5 Nb7 34. Rde4
Kf8 35. Rh4 Na5 36. Ref4 Kg7 37. Ng4 Rh8 38. Nf6 Rcc8 39. Rh6 Rxc4 40. Rf3 Nb7 1-0

[Event "World Youth U16 Olympiad"]
[Site "Gyor HUN"]
[Date "2014.12.14"]
[Round "2.1"]
[Board "1"]
[White "Jarmula, Lukasz"]
[Black "Donchenko, Alexander"]
[Result "1-0"]
[WhiteTitle "FM"]
[BlackTitle "IM"]
[WhiteElo "2307"]
[BlackElo "2523"]
[WhiteTeam "Poland 1"]
[BlackTeam "Germany"]
[WhiteFideId "1160664"]
[BlackFideId "24603295"]
[EventDate "2014.12.13"]

1. d4 Nf6 2. c4 e6 3. Nf3 Bb4+ 4. Bd2 Qe7 5. g3 Nc6 6. Nc3 Bxc3 7. Bxc3 Ne4 8.
Rc1 d6 9. Bg2 O-O 10. d5 Nxc3 11. Rxc3 Nb8 12. O-O e5 13. c5 dxc5 14. Qc2 Na6
15. Re3 f6 16. Nd2 Qd8 17. Nc4 b5 18. Na5 Qd6 19. a4 Nb4 20. Qe4 a6 21. f4 exf4
22. Rxf4 Bd7 23. Nb7 Qb6 24. Qe7 c4 25. a5 Qa7 26. Qc5 Qxb7 27. Re7 Rf7 28. Qxb4
Raf8 29. Rxf7 Kxf7 30. Qc5 Ra8 31. Re4 Re8 32. Rxe8 Bxe8 33. Bh3 h6 34. Be6+ Kg6
35. Qf8 Qa8 36. Bf7+ Kf5 37. Bxe8 Qxd5 38. Qe7 Qd4+ 39. Kg2 g5 40. Bd7+ Kg6 41.
g4 Qd5+ 42. Kh3 1-0

[Event "World Youth U16 Olympiad"]
[Site "Gyor HUN"]
[Date "2014.12.14"]
[Round "2.1"]
[Board "2"]
[White "Perske, Thore"]
[Black "Tomczak, Mikolaj"]
[Result "1-0"]
[WhiteElo "2402"]
[BlackElo "2266"]
[WhiteTeam "Germany"]
[BlackTeam "Poland 1"]
[WhiteFideId "12902195"]
[BlackFideId "1175114"]
[EventDate "2014.12.13"]

1. e4 c5 2. Nf3 e6 3. d4 cxd4 4. Nxd4 d6 5. Nc3 a6 6. f4 Nf6 7. Qf3 Qb6 8. Nb3
Qc7 9. g4 b5 10. g5 b4 11. gxf6 bxc3 12. bxc3 gxf6 13. c4 Bb7 14. Bb2 Nd7 15.
Bd3 e5 16. fxe5 dxe5 17. Bc3 Be7 18. Rg1 Nf8 19. Bd2 Ne6 20. Ke2 Rc8 21. Raf1
Bc6 22. Kd1 Qd6 23. Qh5 Qa3 24. Ke2 Rd8 25. Rg3 a5 26. Nxa5 Nd4+ 27. Ke1 Bb4 28.
Nxc6 Qc1+ 29. Qd1 Bxd2+ 30. Kf2 Nxc6 31. Qxc1 Bxc1 32. Rxc1 Ra8 33. Ra1 Ke7 34.
a4 Nd4 35. Ke3 Ne6 36. a5 h5 37. Rgg1 Rhb8 38. Kd2 Rb7 39. Ra3 Nd4 40. Rga1 Ne6
41. a6 Rba7 42. Ra5 Nd4 43. c5 Rb8 44. Kc3 Ne6 45. Bc4 Nc7 46. R1a3 Ne8 47. Bd5
Nc7 48. Bc4 h4 49. Rb3 Rba8 50. Rb6 h3 51. Kb4 Rd8 52. Rb7 Rda8 53. Bd5 Kd8 54.
Rb6 Rc8 55. Bb7 Rb8 56. Ra3 Ke7 57. Kc4 Rd8 58. Bd5 f5 59. Rb7 Rxb7 60. Bxb7
Rd4+ 61. Kb3 fxe4 62. Kb2 f5 63. Rxh3 f4 64. Rh7+ Kd8 65. a7 Rb4+ 66. Kc3 Ra4
67. Rxc7 Rxa7 68. Rf7 e3 69. c6 Ke8 70. c7 Kxf7 71. c8=Q Ra3+ 72. Kb2 e2 73.
Qf5+ 1-0

[Event "World Youth U16 Olympiad"]
[Site "Gyor HUN"]
[Date "2014.12.14"]
[Round "2.1"]
[Board "3"]
[White "Janik, Igor"]
[Black "Vogel, Roven"]
[Result "1/2-1/2"]
[WhiteElo "2182"]
[BlackElo "2401"]
[WhiteTeam "Poland 1"]
[BlackTeam "Germany"]
[WhiteFideId "1159259"]
[BlackFideId "12908088"]
[EventDate "2014.12.13"]

1. e4 c6 2. d4 d5 3. e5 Bf5 4. Nd2 e6 5. Nb3 Nd7 6. Nf3 Ne7 7. Be2 Bg6 8. O-O
Nf5 9. Bd2 Be7 10. c4 O-O 11. Rc1 Rc8 12. cxd5 cxd5 13. Bc3 Nb8 14. Qd2 Nc6 15.
Ba5 b6 16. Bc3 a5 17. a3 Rc7 18. g3 Qb8 19. h4 Bh5 20. Qf4 f6 21. exf6 Rxf6 22.
Ne5 Nfxd4 23. Nxd4 Rxf4 24. Nexc6 Qe8 25. Nxe7+ Rxe7 26. gxf4 Qg6+ 27. Kh2 Bxe2
28. Nxe2 Qg4 29. Rce1 Qxh4+ 30. Kg2 Qg4+ 31. Kh2 Rf7 32. Be5 g5 33. fxg5 Qh4+
34. Kg1 Qxg5+ 35. Bg3 e5 36. Nc3 e4 37. Rd1 Rf5 38. Rfe1 h5 39. Nxe4 dxe4 40.
Rxe4 Rd5 41. Rde1 Rd7 42. b4 a4 43. R1e3 Kh7 44. Re5 Qg4 45. Kg2 Rf7 46. R5e4
Qd7 47. Re5 Kg6 48. Re6+ Rf6 49. R6e4 Qd5 50. Kh2 Rc6 51. Re5 Qd4 52. R5e4 Qd7
53. Re7 Qf5 54. R7e5 Qf6 55. b5 h4 56. bxc6 hxg3+ 57. Rxg3+ Kf7 58. Re2 Qxc6 59.
Ree3 Qh6+ 60. Kg2 Qc6+ 61. Kg1 b5 62. Rgf3+ Kg8 63. Rf4 Kh7 64. Rh3+ Kg6 65.
Rg3+ Kh5 66. Rf8 Qc1+ 67. Kh2 Qb2 68. Rf4 Qd2 69. Rf5+ Kh6 70. Rf6+ Kh7 71. Rf7+
Kh6 72. Rf6+ Kh7 73. Rf5 Kh6 74. Kg2 Qc2 75. Rf4 Kh5 76. Rf8 Qe4+ 77. Kh2 Qd4
78. Rf5+ Kh6 79. Rff3 b4 80. axb4 Qxb4 81. Re3 Qf4 82. Kg2 Qd4 83. Re6+ Kh7 84.
Re7+ Kh6 85. Ree3 Qd5+ 86. Kh2 Qd4 87. Ref3 a3 88. Rh3+ Kg6 89. Rhg3+ Kh6 90.
Rh3+ 1/2-1/2

[Event "World Youth U16 Olympiad"]
[Site "Gyor HUN"]
[Date "2014.12.14"]
[Round "2.1"]
[Board "4"]
[White "Sieber, Fiona"]
[Black "Harazinska, Ewa"]
[Result "1-0"]
[BlackTitle "WFM"]
[WhiteElo "2019"]
[BlackElo "2143"]
[WhiteTeam "Germany"]
[BlackTeam "Poland 1"]
[WhiteFideId "12902373"]
[BlackFideId "1118374"]
[EventDate "2014.12.13"]

1. e4 c5 2. Nf3 d6 3. d4 cxd4 4. Nxd4 Nf6 5. Nc3 a6 6. Be3 e5 7. Nb3 Be6 8. f3
h5 9. Qd2 Nbd7 10. O-O-O Rc8 11. Kb1 Be7 12. Bd3 b5 13. f4 Bc4 14. Rhe1 O-O 15.
f5 Nb6 16. h3 b4 17. Ne2 d5 18. Bxb6 Qxb6 19. exd5 Bxd5 20. Nf4 Bxb3 21. axb3
Bd6 22. Bc4 Rfd8 23. Nd5 Nxd5 24. Qxd5 Qc7 25. Qf3 Bf8 26. Rxd8 Rxd8 27. Qxh5
Rd4 28. g4 Qd7 29. g5 Rxc4 30. g6 1-0

[Event "World Youth U16 Olympiad"]
[Site "Gyor HUN"]
[Date "2014.12.14"]
[Round "2.2"]
[Board "1"]
[White "Paravyan, David"]
[Black "Zhou, Jiangnan"]
[Result "1-0"]
[WhiteTitle "IM"]
[WhiteElo "2437"]
[BlackElo "2100"]
[WhiteTeam "Russia"]
[BlackTeam "China"]
[WhiteFideId "4194985"]
[BlackFideId "8609918"]
[EventDate "2014.12.13"]

1. d4 Nf6 2. c4 g6 3. Nc3 Bg7 4. e4 d6 5. Nf3 O-O 6. h3 e5 7. d5 a5 8. Bg5 h6 9.
Bh4 Na6 10. Nd2 Bd7 11. Be2 Qc8 12. O-O Nc5 13. b3 Nh7 14. a3 f5 15. f3 Na6 16.
Rb1 f4 17. b4 axb4 18. axb4 Nf6 19. Bf2 Nh5 20. Re1 Qd8 21. c5 Bf6 22. c6 Bc8
23. Ra1 Bh4 24. Rf1 Ng3 25. b5 Qg5 26. Kh2 Nxf1+ 27. Qxf1 Bg3+ 28. Kh1 b6 29.
bxa6 Qh4 30. Kg1 g5 31. Qe1 h5 32. Bxg3 Qxg3 33. Qxg3 fxg3 34. a7 Rf7 35. Nf1 h4
36. Ne3 Kf8 37. Ra2 Ke8 38. Ba6 Bxa6 39. Rxa6 Kd8 40. Kf1 Rh7 41. Ke2 Rf7 42.
Ra1 Ke8 43. Kd3 Kd8 44. Kc4 Kc8 45. Nf5 1-0

[Event "World Youth U16 Olympiad"]
[Site "Gyor HUN"]
[Date "2014.12.14"]
[Round "2.2"]
[Board "2"]
[White "Dai, Changren"]
[Black "Goryachkina, Aleksandra"]
[Result "0-1"]
[BlackTitle "WGM"]
[WhiteElo "2301"]
[BlackElo "2441"]
[WhiteTeam "China"]
[BlackTeam "Russia"]
[WhiteFideId "8608156"]
[BlackFideId "4147103"]
[EventDate "2014.12.13"]

1. e4 e5 2. Nf3 Nc6 3. Bb5 Nf6 4. d3 d6 5. O-O Bd7 6. c3 a6 7. Ba4 g6 8. Nbd2
Bg7 9. Re1 O-O 10. Nf1 b5 11. Bc2 Re8 12. Ng3 Rb8 13. a3 a5 14. d4 a4 15. Bd3
Na5 16. Be3 Qc8 17. Qe2 Ng4 18. Bg5 Nb3 19. Rad1 exd4 20. h3 Ne5 21. Nxd4 Nxd4
22. cxd4 Nc6 23. d5 Nd4 24. Qe3 Nb3 25. Re2 c5 26. dxc6 Qxc6 27. Rc2 Qb6 28. Be2
Qxe3 29. Bxe3 Rec8 30. Rxc8+ Rxc8 31. Rxd6 Be8 32. Bd2 Bxb2 33. Bb4 Nd4 34. Bg4
Ra8 35. Bd1 Nc6 36. Rd2 Be5 37. Bc5 b4 38. axb4 Bc3 39. Ra2 a3 40. b5 Nb4 41.
Bxb4 Bxb4 42. Be2 Rb8 43. Nf1 Bxb5 44. Bxb5 Rxb5 45. Ne3 Bd6 46. g3 Rb1+ 47. Kg2
Rb2 48. Ra1 Bc5 49. Kf3 a2 0-1

[Event "World Youth U16 Olympiad"]
[Site "Gyor HUN"]
[Date "2014.12.14"]
[Round "2.2"]
[Board "3"]
[White "Vavulin, Maksim"]
[Black "Xu, Yi"]
[Result "1-0"]
[WhiteTitle "IM"]
[BlackTitle "FM"]
[WhiteElo "2430"]
[BlackElo "2360"]
[WhiteTeam "Russia"]
[BlackTeam "China"]
[WhiteFideId "4169530"]
[BlackFideId "8605564"]
[EventDate "2014.12.13"]

1. e4 g6 2. d4 Bg7 3. Nc3 d6 4. Bg5 a6 5. f4 b5 6. Nf3 Bb7 7. Bd3 c5 8. dxc5
dxc5 9. e5 f5 10. a4 b4 11. Nb1 Nc6 12. Nbd2 Nd4 13. Nxd4 Qxd4 14. Nb3 Qxb2 15.
O-O Rd8 16. Qe2 Bd5 17. Rad1 Bc6 18. Bxa6 Rb8 19. Nxc5 Nh6 20. Ne6 Kf7 21. Qc4 1-0

[Event "World Youth U16 Olympiad"]
[Site "Gyor HUN"]
[Date "2014.12.14"]
[Round "2.2"]
[Board "4"]
[White "Zhang, Jiabao"]
[Black "Litvinov, Maxim"]
[Result "1-0"]
[WhiteElo "2089"]
[BlackElo "2238"]
[WhiteTeam "China"]
[BlackTeam "Russia"]
[WhiteFideId "8606560"]
[BlackFideId "24157449"]
[EventDate "2014.12.13"]

1. e4 e5 2. Nf3 Nc6 3. Bc4 Bc5 4. c3 Nf6 5. d3 d6 6. Bb3 a6 7. O-O O-O 8. Nbd2
Ba7 9. h3 Ne7 10. Re1 Ng6 11. Nf1 h6 12. Ng3 Re8 13. d4 c6 14. Bc2 Qc7 15. Be3
Be6 16. Qd2 b5 17. Nf5 Bxf5 18. exf5 Nf8 19. Bxh6 gxh6 20. Qxh6 N8h7 21. Ng5 Qd8
22. Nxh7 Nxh7 23. f6 Nxf6 24. Re3 1-0

[Event "World Youth U16 Olympiad"]
[Site "Gyor HUN"]
[Date "2014.12.14"]
[Round "2.3"]
[Board "1"]
[White "Repka, Christopher"]
[Black "Asgarizadeh, Ahmad"]
[Result "0-1"]
[WhiteElo "2407"]
[BlackElo "2371"]
[WhiteTeam "Slovakia 1"]
[BlackTeam "Iran"]
[WhiteFideId "14918781"]
[BlackFideId "12505684"]
[EventDate "2014.12.13"]

1. d4 d5 2. Nf3 Nf6 3. c4 dxc4 4. e3 Bg4 5. Bxc4 e6 6. h3 Bh5 7. O-O a6 8. Nc3
Nc6 9. Be2 Bd6 10. Bd2 O-O 11. g4 Bg6 12. Nh4 e5 13. Nxg6 hxg6 14. d5 Ne7 15. e4
c6 16. Bg5 Bc5 17. Qb3 cxd5 18. exd5 Nexd5 19. Qxb7 Nxc3 20. bxc3 Qa5 21. Qf3 e4
22. Qg3 Bxf2+ 23. Rxf2 Qxg5 24. Raf1 e3 25. Rf3 Rae8 26. Bxa6 Qc5 27. Re1 Ne4
28. Qf4 Ng5 29. Rg3 Re4 30. Qf1 f5 31. gxf5 e2+ 32. Qf2 Nxh3+ 0-1

[Event "World Youth U16 Olympiad"]
[Site "Gyor HUN"]
[Date "2014.12.14"]
[Round "2.3"]
[Board "2"]
[White "Tabatabaei, M.amin"]
[Black "Nayhebaver, Martin"]
[Result "1-0"]
[WhiteTitle "FM"]
[WhiteElo "2363"]
[BlackElo "2332"]
[WhiteTeam "Iran"]
[BlackTeam "Slovakia 1"]
[WhiteFideId "12521213"]
[BlackFideId "14923432"]
[EventDate "2014.12.13"]

1. e4 c5 2. Nf3 d6 3. d4 cxd4 4. Nxd4 Nf6 5. Nc3 a6 6. h3 e5 7. Nde2 h5 8. Be3
Be7 9. Qd2 Qc7 10. f4 Nbd7 11. O-O-O b5 12. fxe5 dxe5 13. Nd5 Nxd5 14. exd5 Bd6
15. Ng3 Nf6 16. Bd3 h4 17. Nf5 Bxf5 18. Bxf5 Nh5 19. Rhe1 Ng3 20. Qd3 Qc4 21.
Bd4 Kf8 22. Rxe5 Qxd3 23. Bxd3 Bxe5 24. Bxe5 Rh5 25. Re1 Rd8 26. c4 bxc4 27.
Bxc4 Nf5 28. b3 Rg5 29. Re2 Rd7 30. Kb2 Ng3 31. Re1 Rf5 32. Bd4 g5 33. b4 Rf4
34. Rd1 Kg8 35. Kb3 Nf5 36. Bc5 g4 37. Bxa6 gxh3 38. gxh3 Rf3+ 39. Ka4 Nd6 40.
Be2 Rg3 41. Ka5 Ne4 42. Bb5 Rb7 43. a4 Nc3 44. Ra1 Nxb5 45. axb5 Rxh3 46. b6 Rd3
47. Ka6 Rb8 48. Ka7 1-0

[Event "World Youth U16 Olympiad"]
[Site "Gyor HUN"]
[Date "2014.12.14"]
[Round "2.3"]
[Board "3"]
[White "Pechac, Jergus"]
[Black "Maghsoodloo, Parham"]
[Result "0-1"]
[WhiteTitle "CM"]
[WhiteElo "2182"]
[BlackElo "2415"]
[WhiteTeam "Slovakia 1"]
[BlackTeam "Iran"]
[WhiteFideId "14926970"]
[BlackFideId "12539929"]
[EventDate "2014.12.13"]

1. e4 c5 2. a3 e6 3. b4 b6 4. bxc5 bxc5 5. Nc3 Nc6 6. g3 g6 7. Bg2 Rb8 8. f4 d6
9. Nce2 Bg7 10. c3 Nge7 11. Nf3 Ba6 12. O-O O-O 13. Rf2 Na5 14. d4 Nb3 15. Ra2
Nc6 16. Be3 Nca5 17. f5 Nc4 18. Bg5 f6 19. Bc1 e5 20. fxg6 hxg6 21. Bh3 Qe8 22.
Nh4 Nxc1 23. Qxc1 exd4 24. cxd4 cxd4 25. Nxd4 Qxe4 26. Qf4 Qxf4 27. gxf4 f5 28.
Nc6 Rb1+ 29. Rf1 Rb3 30. Bg2 Kh7 31. Ne7 Ne3 32. Rf3 Bd4 33. Nhxg6 Rb1+ 34. Kf2
Nf1+ 0-1

[Event "World Youth U16 Olympiad"]
[Site "Gyor HUN"]
[Date "2014.12.14"]
[Round "2.3"]
[Board "4"]
[White "Lorparizangeneh, Shahin"]
[Black "Sucikova, Svetlana"]
[Result "1-0"]
[WhiteTitle "FM"]
[WhiteElo "2340"]
[BlackElo "1985"]
[WhiteTeam "Iran"]
[BlackTeam "Slovakia 1"]
[WhiteFideId "12521604"]
[BlackFideId "14923653"]
[EventDate "2014.12.13"]

1. d4 d5 2. c4 e6 3. Nc3 c6 4. e4 dxe4 5. Nxe4 Bb4+ 6. Bd2 Qxd4 7. Bxb4 Qxe4+ 8.
Ne2 Nd7 9. Qd6 Qe5 10. Qd2 Ngf6 11. Bd6 Ne4 12. Bxe5 Nxd2 13. Bxg7 Rg8 14. Kxd2
Rxg7 15. Kc3 Ne5 16. Ng3 Ng4 17. Be2 Nf6 18. Rad1 Rxg3+ 19. hxg3 Ne4+ 20. Kd4
Nxf2 21. Rxh7 Nxd1 22. Bxd1 e5+ 23. Kxe5 Ke7 24. Rh8 b6 25. Bh5 Bb7 26. Rh7 Rf8
27. g4 Bc8 28. g5 Be6 29. Bxf7 Rxf7 30. g6 1-0